Fr. Conceicao Rodrigues College of Engineering

OP-Amps & Linear Intregrated Circuits (Record no. 20712)

MARC details
000 -LEADER
fixed length control field 00333nam a2200145Ia 4500
100 ## - MAIN ENTRY--PERSONAL NAME
Personal name Gayakwad/Ramakant A
250 ## - EDITION STATEMENT
Edition statement 3
245 ## - TITLE STATEMENT
Title OP-Amps & Linear Intregrated Circuits
260 ## - PUBLICATION, DISTRIBUTION, ETC.
Name of publisher, distributor, etc. Prentice Hall of India
Place of publication, distribution, etc. New Delhi
Date of publication, distribution, etc. 1993
300 ## - PHYSICAL DESCRIPTION
Extent 640
546 ## - LANGUAGE NOTE
Language note ENGLISH
654 ## - SUBJECT ADDED ENTRY--FACETED TOPICAL TERMS
Focus term Electronics
942 ## - ADDED ENTRY ELEMENTS (KOHA)
Koha item type BOOK
Holdings
Withdrawn status Lost status Damaged status Not for loan Collection Home library Current library Date acquired Total Checkouts Full call number Barcode Date last seen Price effective from Koha item type
        CRC Fr. Agnel's C.Rodrigues College of Engineering Fr. Agnel's C.Rodrigues College of Engineering 17/03/2023   9093 17/03/2023 17/03/2023 BOOK